Закон Божий: для семьи и школы; [учебник]

Dettagli Bibliografici
Ente Autore: Московская патриархия Ленинградское епархиальное управление
Altri autori: Слободской С. Серафим (составитель)
Riassunto:Репринтное воспроизведение издания 1987 г., N. Y. U. S. A.
Lingua:russo
Pubblicazione: [Б. м.], [Б. и.], [1990]
Edizione:Репр. изд.
Soggetti:
Natura: MixedMaterials Libro
KOHA link:https://koha.lib.tpu.ru/cgi-bin/koha/opac-detail.pl?biblionumber=180888

MARC

LEADER 00000nam0a2200000 4500
001 180888
005 20231101223601.0
035 |a (RuTPU)RU\TPU\book\196096 
090 |a 180888 
100 |a 20100528e1990 am y0rusy50 ca 
101 0 |a rus 
102 |a RU 
105 |a a j 001zy 
200 1 |a Закон Божий  |e для семьи и школы  |e [учебник]  |f Московская патриархия, Ленинградское епархиальное управление ; сост. С. Слободской 
205 |a Репр. изд. 
210 |a [Б. м.]  |c [Б. и.]  |d [1990] 
215 |a 723 с.  |c ил.  |d 21,5 см. 
300 |a Репринтное воспроизведение издания 1987 г., N. Y. U. S. A. 
320 |a Литература: с. 12. 
610 1 |a религия 
610 1 |a христианство 
610 1 |a православие 
610 1 |a учебники 
610 1 |a религиозная литература 
686 |a Э37-2  |v LBC/SL-A  |2 rubbk 
686 |a Ч611.68  |v LBC/SL-A  |2 rubbk 
702 1 |a Слободской  |b С.   |g Серафим  |4 220 
712 0 2 |a Московская патриархия  |b Ленинградское епархиальное управление  |2 stltpush  |3 (RuTPU)RU\TPU\col\15966  |9 26318 
801 1 |a RU  |b 63413507  |c 20100528 
801 2 |a RU  |b 63413507  |c 20100604  |g RCR 
942 |c BK